000 00593nam a22001937a 4500
999 _c2996
_d2996
003 AR-CdUCM
008 190305b ||||| |||| 00| 0 spa d
040 _aMUNICIPALIDAD PROVINCIAL DEL CUSCO
_cBIBLIOTECA MUNICIPAL DEL CUSCO
082 _a869.56 /
_bAG32
100 _aAguilar Páez, Rafael
_910223
245 _a30 Sonetos a Castilla /
260 _aLima :
_bH.C. Rozas,
_c1954.
300 _a71 páginas ;
_c21 cm.
650 _aPoesía peruana contemporánea
_910224
650 _aPoesía a Ramón Castilla
_910225
650 _aSiglo XX
_98
942 _2ddc
_cLIBROS
945 _alccs